| 000 | 00607nam a2200217 u 4500 | ||
|---|---|---|---|
| 005 | 20240831063740.0 | ||
| 008 | 111026s2006 es r 000 0 spa d | ||
| 020 | _a8495895315 | ||
| 035 | _aUPN01000182354 | ||
| 049 | _aI | ||
| 050 | 4 |
_aPZ78 _bG3.6 2006 |
|
| 100 | 1 |
_aGallego García, Laura, _d1977- _931781 |
|
| 245 | 1 | 3 |
_aEl cartero de los sueños / _cLaura Gallego García. |
| 250 | _a2a ed. | ||
| 260 |
_aValencia, Esp. : _bBrief, _c2006. |
||
| 300 |
_a83 p. : _bil. |
||
| 440 | 0 | _aHistorias con miga | |
| 650 | 4 |
_aCuentos infantiles españoles _97725 |
|
| 905 | _aInfantil | ||
| 999 |
_c154457 _d154457 |
||